Computer graphics : (Record no. 62489)

MARC details
000 -LEADER
fixed length control field 00414nam a22001457a 4500
005 - DATE AND TIME OF LATEST TRANSACTION
control field 20180818161632.0
020 ## - INTERNATIONAL STANDARD BOOK NUMBER
International Standard Book Number 8131705056
Terms of availability 00.00
035 ## - SYSTEM CONTROL NUMBER
System control number B-226765
037 ## - SOURCE OF ACQUISITION
Stock number DPL
Source of stock number/acquisition ENG
100 ## - MAIN ENTRY--PERSONAL NAME
Personal name Foley, James D.
245 ## - TITLE STATEMENT
Title Computer graphics :
Remainder of title Principles and practice /
Statement of responsibility, etc by James D. Foley et. al.
260 ## - PUBLICATION, DISTRIBUTION, ETC. (IMPRINT)
Name of publisher, distributor, etc Pearson Education
300 ## - PHYSICAL DESCRIPTION
Extent 1158p.
Dimensions 20 cms.
942 ## - ADDED ENTRY ELEMENTS (KOHA)
Source of classification or shelving scheme Dewey Decimal Classification
Item type English Books
Classification part 006.6
Call number suffix COM
Holdings
Withdrawn status Lost status Not for loan Collection code Home library Current library Date acquired Cost, normal purchase price Full call number Barcode Cost, replacement price Koha item type
      Non-fiction Sarojini Nagar Sarojini Nagar 10/02/2012 0.00 006.6 COM B-226765 0.00 English Books
      Non-fiction Sarojini Nagar Sarojini Nagar 23/07/2018   006.6 COM B-492824   English Books

© Delhi Public Library
Hit Counter
free hit counter